书目信息 |
| 题名: |
机电安装工程项目施工安全风险管理研究
|
|
| 作者: | 郝素利 , 张登伦 著 | |
| 分册: | ||
| 出版信息: | 北京 中国时代经济出版社 2014 |
|
| 页数: | 171页 | |
| 开本: | 25cm | |
| 丛书名: | ||
| 单 册: | ||
| 中图分类: | TU85 , F284 | |
| 科图分类: | ||
| 主题词: | 机电设备--建筑安装--工程施工 , 工程项目管理--风险管理--中国 , 机电设备 , 建筑安装 , 工程项目管理 , 风险管理 | |
| 电子资源: | ||
| ISBN: | 978-7-5119-1958-8 | |
| 000 | 01189nam0 2200325 450 | |
| 001 | 012015000505 | |
| 005 | 20150911083641.65 | |
| 010 | @a978-7-5119-1958-8@dCNY48.00 | |
| 100 | @a20140805d2014 em y0chiy50 ea | |
| 101 | 0 | @achi |
| 102 | @aCN@b110000 | |
| 105 | @ay z 000yy | |
| 106 | @ar | |
| 200 | 1 | @a机电安装工程项目施工安全风险管理研究@Aji dian an zhuang gong cheng xiang mu shi gong an quan feng xian guan li yan jiu@f郝素利,张登伦著 |
| 210 | @a北京@c中国时代经济出版社@d2014 | |
| 215 | @a171页@d25cm | |
| 300 | @a北京市青年英才计划项目 北京市优秀人才资助培养项目 中央高校基本科研业务费专项资金项目资助出版 | |
| 330 | @a本书综合运用管理学、技术经济学、项目管理、风险管理、系统工程等理论与方法,对机电安装工程项目施工安全风险进行识别、分析、评价及应对进行研究。 | |
| 606 | 0 | @a机电设备@x建筑安装@x工程施工 |
| 606 | 0 | @a工程项目管理@x风险管理@y中国 |
| 606 | 0 | @a机电设备 |
| 606 | 0 | @a建筑安装 |
| 606 | 0 | @a工程项目管理 |
| 606 | 0 | @a风险管理 |
| 690 | @aTU85@v5 | |
| 690 | @aF284@v5 | |
| 701 | 0 | @a郝素利@Ahao su li@c(女,@f1979~)@4著 |
| 701 | 0 | @a张登伦@Azhang deng lun@f(1977~)@4著 |
| 801 | 0 | @aCN@b碧洲教育@c20150716 |
| 905 | @a10447@f4@dTU85@e695 | |
| 机电安装工程项目施工安全风险管理研究/郝素利,张登伦著.-北京:中国时代经济出版社,2014 |
| 171页;25cm |
| 北京市青年英才计划项目 北京市优秀人才资助培养项目 中央高校基本科研业务费专项资金项目资助出版 |
| ISBN 978-7-5119-1958-8:CNY48.00 |
| 本书综合运用管理学、技术经济学、项目管理、风险管理、系统工程等理论与方法,对机电安装工程项目施工安全风险进行识别、分析、评价及应对进行研究。 |
| ● |
| 相关链接 |
|
|
|
|
正题名:机电安装工程项目施工安全风险管理研究
索取号:TU85/695
 
预约/预借
| 序号 | 登录号 | 条形码 | 馆藏地/架位号 | 状态 | 备注 |
| 1 | 0849107 | 208491078 | 第二样本阅览室/ [索取号:TU85/695] | 在馆 | |
| 2 | 0849108 | 208491087 | 第三借阅区/ [索取号:TU85/695] | 在馆 | |
| 3 | 0849109 | 208491096 | 第三借阅区/ [索取号:TU85/695] | 在馆 | |
| 4 | 0849110 | 208491103 | 第三借阅区/ [索取号:TU85/695] | 在馆 |